| 000 | 01379cam a22002894a 4500 | ||
|---|---|---|---|
| 001 | 14408762 | ||
| 003 | OSt | ||
| 005 | 20210614140809.0 | ||
| 008 | 060529s2004 pe a b 000 0 spa | ||
| 010 | _a 2006468244 | ||
| 040 | _cCAAAP | ||
| 050 | 0 | 0 |
_aHD 6231 _bA79 |
| 245 | 0 | 0 |
_aNo somos invisibles : _bresultados de consulta a trabajadores infantiles domésticos (TID) y ex trabajadores infantiles domésticos (EXTID) en Perú (ciudades de Lima, Cajamarca y Pucallpa) / _c[responsable de la consulta e informe final: Blanca Figueroa]. |
| 246 | 3 | 0 | _aResultados de consulta a trabajadores infantiles domésticos (TID) y ex trabajadores infantiles domésticos (EXTID) en Perú (ciudades de Lima, Cajamarca y Pucallpa) |
| 250 | _a1a. ed. | ||
| 260 |
_aLima, Perú : _bAsociación Grupo de Trabajo Redes, _c[2004] |
||
| 300 |
_a107 p.: _bil. ; _c22 cm. |
||
| 504 | _aIncluye referencias bibliográficas. | ||
| 505 | 0 | _aCondiciones del trabajo infantil doméstico -- Respeto a algunos derechos -- Evaluación de la experiencia en servicio doméstico -- Reflexión sobre el futuro -- Redes de apoyo. | |
| 650 | 0 |
_aTrabajo infantil _93318 |
|
| 650 | 0 |
_aTrabajadores domésticos _93319 |
|
| 650 | 0 |
_aDerechos infantiles _93321 |
|
| 651 | 0 |
_912 _aPerú |
|
| 700 | 1 |
_aFigueroa, Blanca. _93317 |
|
| 710 | 2 |
_aAsociación Grupo de Trabajo Redes (Lima, Peru) _93320 |
|
| 942 |
_2lcc _cBK |
||
| 999 |
_c1643 _d1643 |
||